Calculus : (رقم التسجيلة. 32590)
[ عرض عادي ]
| 000 -الفاتح | |
|---|---|
| حقل البيانات ثابتة الطول | 01543cam a2200373 a 4500 |
| 001 - رقم الضبط | |
| رقم الضبط | 11936421 |
| 003 - محدد رقم الضبط | |
| رقم الضبط | OSt |
| 005 - وقت وتاريخ اخر تعامل مع التسجيلة | |
| رقم الضبط | 20150408114157.0 |
| 008 - عناصر البيانات ثابتة الطول - معلومات عامة | |
| حقل البيانات ثابتة الطول | 000309s2007 nyua 001 0 eng |
| 010 ## - رقم ضبط مكتبة الكونجرس | |
| رقم ضبط مكتبة الكونجرس | 00501324 |
| 020 ## - الرقم الدولى المعيارى للكتب | |
| الرقم الدولى المعيارى للكتاب | 9780071108072 |
| 040 ## - مصدر الفهرسة | |
| وكالة الفهرسة الأصلية | DLC |
| وكالة النسخ | DLC |
| وكالة التعديل | DLC |
| 050 00 - رقم طلب مكتبة الكونجرس | |
| رقم التصنيف | QA303.3 |
| رقم المادة | .C32 2000 |
| 082 00 - رقم تصنيف ديوى العشرى | |
| رقم التصنيف | 515 |
| رقم الطبعة | 21 |
| رقم المادة | SRC |
| 100 ## - المدخل الرئيسى - إسم شخصى | |
| الإسم الشخصى | Smith, RoberT T. |
| 245 00 - بيان العنوان | |
| العنوان | Calculus : |
| بيان المسئوليه,etc | Smith, RoberT T. |
| 246 14 - العنوان الموازى | |
| عنوان صحيح/عنوان مختصر | Calculus crash course |
| 260 ## - PUBLICATION, DISTRIBUTION, ETC. (IMPRINT) | |
| مكان الناشر او الموزع | New York : |
| اسم الناشر او الموزع | McGraw-Hill, |
| تاريخ النشر أو التوزيع | 2007. |
| 300 ## - الوصف المادى | |
| التعداد | v, 135 p. : |
| تفاصيل ماديه اخرى للوعاء | ill. ; |
| أبعاد الوعاء | 22 cm. |
| 440 #0 - بيان السلسلة/مدخل إضافى-العنوان | |
| العنوان | Schaum's easy outlines |
| 9 (RLIN) | 4583 |
| 490 0# - بيان السلسلة | |
| عنوان السلسلة | Schaum's outline series |
| 500 ## - تبصرة عامة | |
| تبصرة عامة | Includes index. |
| 650 #0 - المدخل الاضافى بالموضوع-مصطلح موضوعى | |
| مصطلح موضوعي أو اسم جغرافي كعنصر مدخل | Calculus |
| التقسيم الفرعي الشكلي | Outlines, syllabi, etc. |
| 9 (RLIN) | 4659 |
| 650 #0 - المدخل الاضافى بالموضوع-مصطلح موضوعى | |
| مصطلح موضوعي أو اسم جغرافي كعنصر مدخل | Calculus |
| التقسيم الفرعي الشكلي | Problems, exercises, etc. |
| 9 (RLIN) | 4660 |
| 700 1# - المدخل الاضافى - اسم شخصى | |
| الإسم الشخصى | Hademenos, George J. |
| 9 (RLIN) | 4661 |
| 700 1# - المدخل الاضافى - اسم شخصى | |
| الإسم الشخصى | Ayres, Frank, |
| التواريخ المصاحبة للاسم | 1901-1994. |
| عنوان العمل | Schaum's outline of theory and problems of differential and integral calculus. |
| 9 (RLIN) | 4662 |
| 700 1# - المدخل الاضافى - اسم شخصى | |
| الإسم الشخصى | Mendelson, Elliott. |
| عنوان العمل | Schaum's outline of theory and problems of differential and integral calculus. |
| 9 (RLIN) | 4663 |
| 856 42 - الوصول و الموقع الالكترونى | |
| مواد محددة | Publisher description |
| معرف المصدر الموحد | <a href="http://www.loc.gov/catdir/description/mh031/00501324.html">http://www.loc.gov/catdir/description/mh031/00501324.html</a> |
| 856 41 - الوصول و الموقع الالكترونى | |
| مواد محددة | Table of contents |
| معرف المصدر الموحد | <a href="http://www.loc.gov/catdir/toc/mh021/00501324.html">http://www.loc.gov/catdir/toc/mh021/00501324.html</a> |
| 856 42 - الوصول و الموقع الالكترونى | |
| مواد محددة | Contributor biographical information |
| معرف المصدر الموحد | <a href="http://www.loc.gov/catdir/enhancements/fy0735/00501324-b.html">http://www.loc.gov/catdir/enhancements/fy0735/00501324-b.html</a> |
| 906 ## - عنصر بيانات محلى F, LDF (RLIN) | |
| a | 7 |
| b | cbc |
| c | orignew |
| d | 2 |
| e | ncip |
| f | 20 |
| g | y-gencatlg |
| 942 ## - عناصر المدخل الإضافي( كوها) | |
| مصدر التصنيف او مخطط الترفيف | Dewey Decimal Classification |
| Koha [default] item type | كتاب |
| حالة الفقد | نموذج السعر الفعال | حالة تلف | ليس للاعارة | رقم الطلب | تاريخ الاكتساب | الموقع الحالي | الباركود | الفرع الرئيسي | Date last checked out | Date last seen | نوع المادة فى نظام كوها | مصدر التصنيف او خطة الترفيف | Total Checkouts |
|---|---|---|---|---|---|---|---|---|---|---|---|---|---|
| 2013-12-13 | 515 SRC | 2013-12-13 | المكتبة المركزية بالمجمعة (CL) | 00453053 | المكتبة المركزية بالمجمعة (CL) | 2017-05-15 | 2017-05-17 | كتاب | Dewey Decimal Classification | 1 | |||
| 2013-12-13 | 515 SRC | 2013-12-13 | المكتبة المركزية بالمجمعة (CL) | 00453054 | المكتبة المركزية بالمجمعة (CL) | 2013-12-13 | كتاب | Dewey Decimal Classification | |||||
| 2013-12-13 | 515 SRC | 2013-12-13 | المكتبة المركزية بالمجمعة (CL) | 00453055 | المكتبة المركزية بالمجمعة (CL) | 2013-12-13 | كتاب | Dewey Decimal Classification | |||||
| 2013-12-13 | 515 SRC | 2013-12-13 | مكتبة مجمع الكليات بالزلفى - طلاب (SZM) | 00453056 | مكتبة مجمع الكليات بالزلفى - طلاب (SZM) | 2013-12-13 | كتاب | Dewey Decimal Classification | |||||
| 2013-12-13 | 515 SRC | 2013-12-13 | مكتبة مجمع الكليات بالزلفى - طلاب (SZM) | 00453057 | مكتبة مجمع الكليات بالزلفى - طلاب (SZM) | 2013-12-13 | كتاب | Dewey Decimal Classification | |||||
| 2013-12-13 | 515 SRC | 2013-12-13 | مكتبة مجمع الكليات بالزلفى - طلاب (SZM) | 00453058 | مكتبة مجمع الكليات بالزلفى - طلاب (SZM) | 2013-12-13 | كتاب | Dewey Decimal Classification |
